000 01364cam a2200397 i 4500
001 11642
003 KOSZ 005
005 20221024121338.0
008 080505s1965 pl a f f 000 0 pol
015 _aPB 1966/814
040 _aWA N
_cWA N
_dKOSZ 005/HR
046 _k1965
080 _a621.9
080 _a(07)
100 1 _aHarasymowicz, Jan
_d(1921-2008 )
_eAutor
245 1 0 _aObróbka ciągła wielościanów /
_cJan Harasymowicz.
260 _aWarszawa :
_bWydawnictwa Naukowo-Techniczne,
_c1965.
300 _a105, [1] s., [1] k. tabl. :
_bil., err. ;
_c24 cm.
336 _2rdacontent
_aTekst
_btxt
337 _2rdamedia
_aBez urządzenia pośredniczącego
_bn
338 _2rdacarrier
_aWolumin
_bnc
380 _aKsiążki
388 _a1901-2000
388 _a1945-1989
490 1 _aNowa Technika ;
_vz. 57.
504 _aBibliogr. s. 105-[106].
521 8 _aDla inżynierów, techników technologów i studentów wyższych uczelni technicznych.
650 4 _aObróbka metali
650 4 _aSkrawanie
655 4 _aPodręcznik
658 _aInżynieria i technika
710 2 _aWydawnictwa Naukowo-Techniczne
_4pbl.
830 0 _aNT Nowa Technika
_vz. 57.
856 _uhttp://koha.tu.koszalin.pl/cgi-bin/koha/opac-detail.pl?biblionumber=11642
_yKatalog online BPK
942 _2UKD
_cKS
999 _c11642
_d11642